000 00221nam a22000857a 4500
008 170601b xxu||||| |||| 00| 0 eng d
100 _93205
_aAgarwal. D
245 _aThe Treasury of Indian Tales
260 _aNew Delhi
_bCBT
_c2003
999 _c6518
_d6518